Completa la citazione - Cars - Statistics

Statistiche generali
  • Questo quiz è stato fatto 133 volte
  • Il punteggio medio è 6 su 10
Statistiche sulle risposte
Personaggio Citazione % Corretto
Saetta McQueen Elegante come una {berlina}, scattante come un go-kart!
91%
Saetta McQueen Non vorrei sembrare maleducato, ma forse tu vai da 0 a 100 in quanto? 3 {anni} virgola 5?
75%
Doc Hudson {Guidi} come aggiusti le strade: da schifo!
73%
Saetta McQueen Velocità, sono pura velocità! Un vincitore, {quarantadue} perdenti.
66%
Saetta McQueen Una vecchia auto da corsa brontolona una volta mi ha detto che è {solo una coppa vuota}.
55%
Saetta McQueen Io sono un concentrato di velocità e {aerodinamica}.
51%
Doc Hudson Quando mi hanno rimesso insieme sono tornato e sai cosa mi hanno detto invece di "Benvenuto"? "{Sei da museo}!", e sono andati dritti dal pivello del momento.
45%
Carl Attrezzi McQueen e Sally parcheggiati {sotto a un pino}, si guardan nei fanali e si scambiano un bacino.
44%
Luigi Mi zampillano lacrime di gioia dal tergi vetro! Questo è il {giorno più spettacolare} della mia vita!
39%
Bob Cutlass Troppo vicini per saperlo, sono tutti troppo vicini! È il più spettacolare, stupefacente, entusiasmante e incredibile finale della storia {delle corse automobilistiche}!
31%
Nessun quiz corrispondente trovato
Distribuzione punteggi
Percentuale di utenti per punteggio
Percentile per numero di risposta
I tuoi punteggi nel tempo
Non hai fatto questo quiz